<?xml version="1.0" encoding="UTF-8"?><?xml-stylesheet type="text/xsl" href="static/style.xsl"?><OAI-PMH xmlns="http://www.openarchives.org/OAI/2.0/" xmlns:xsi="http://www.w3.org/2001/XMLSchema-instance" xsi:schemaLocation="http://www.openarchives.org/OAI/2.0/ http://www.openarchives.org/OAI/2.0/OAI-PMH.xsd"><responseDate>2026-04-17T02:59:22Z</responseDate><request verb="GetRecord" identifier="oai:www.recercat.cat:10459.1/47035" metadataPrefix="marc">https://recercat.cat/oai/request</request><GetRecord><record><header><identifier>oai:recercat.cat:10459.1/47035</identifier><datestamp>2024-12-05T21:46:42Z</datestamp><setSpec>com_2072_3622</setSpec><setSpec>col_2072_479130</setSpec></header><metadata><record xmlns="http://www.loc.gov/MARC21/slim" xmlns:dcterms="http://purl.org/dc/terms/" xmlns:xsi="http://www.w3.org/2001/XMLSchema-instance" xmlns:doc="http://www.lyncode.com/xoai" xsi:schemaLocation="http://www.loc.gov/MARC21/slim http://www.loc.gov/standards/marcxml/schema/MARC21slim.xsd">
   <leader>00925njm 22002777a 4500</leader>
   <datafield ind2=" " ind1=" " tag="042">
      <subfield code="a">dc</subfield>
   </datafield>
   <datafield ind2=" " ind1=" " tag="720">
      <subfield code="a">Mias Carballal, Mª Carmen</subfield>
      <subfield code="e">author</subfield>
   </datafield>
   <datafield ind2=" " ind1=" " tag="720">
      <subfield code="a">Rodríguez, A.</subfield>
      <subfield code="e">author</subfield>
   </datafield>
   <datafield ind2=" " ind1=" " tag="720">
      <subfield code="a">Villalobos Mori, Rafael</subfield>
      <subfield code="e">author</subfield>
   </datafield>
   <datafield ind2=" " ind1=" " tag="720">
      <subfield code="a">Escartín Arias, Alfredo</subfield>
      <subfield code="e">author</subfield>
   </datafield>
   <datafield ind2=" " ind1=" " tag="720">
      <subfield code="a">Olsina Kissler, Jorge Juan</subfield>
      <subfield code="e">author</subfield>
   </datafield>
   <datafield ind2=" " ind1=" " tag="260">
      <subfield code="c">2014-02-24T09:37:38Z</subfield>
   </datafield>
   <datafield ind2=" " ind1=" " tag="260">
      <subfield code="c">2014-02-24T09:37:38Z</subfield>
   </datafield>
   <datafield ind2=" " ind1=" " tag="260">
      <subfield code="c">2013</subfield>
   </datafield>
   <datafield ind2=" " ind1=" " tag="520">
      <subfield code="a">Objetivos. Valorar la utilidad de un fórum virtual sobre la discusión de un caso clínico por grupos para la presentación de un trabajo individual. Material y métodos. En uno de los seminarios de la asignatura Enfermedades del Aparato Respiratorio y ORL del grado de Medicina, se creó un fórum virtual para discutir un caso clínico por grupos, antes de presentar un trabajo individual. Se realizaron cuatro grupos (A, B, C y D) y se abrieron cuatro temas. Cada grupo sólo podía participar en uno, pero tenían que observar la evolución de los otros foros. El trabajo individual consistía en contestar a varias preguntas planteadas por el profesor relacionadas con el desarrollo del caso clínico virtual.&#xd;
Para analizar los resultados de la experiencia se valoró: el número de participaciones en el foro, el número de participaciones por grupo, la nota del trabajo individual y la opinión del profesor Resultados. Se realizaron 129 participaciones al foro. El grupo A fue el que más participó (27%). El 78% de los alumnos obtuvo una nota comprendida entre el 7 y el 9. Del análisis cualitativo del trabajo&#xd;
individual se observó que los alumnos contestaban correctamente las preguntas, pero no se basaban en lo que sus compañeros habían desarrollado en el foro.&#xd;
Conclusiones. Los foros virtuales basados en la discusión de casos clínicos pueden facilitar el aprendizaje colaborativo en alumnos del grado de Medicina.</subfield>
   </datafield>
   <datafield ind1="8" ind2=" " tag="024">
      <subfield code="a">http://hdl.handle.net/10459.1/47035</subfield>
   </datafield>
   <datafield tag="653" ind2=" " ind1=" ">
      <subfield code="a">Forum virtual</subfield>
   </datafield>
   <datafield tag="653" ind2=" " ind1=" ">
      <subfield code="a">Casos clínicos</subfield>
   </datafield>
   <datafield tag="653" ind2=" " ind1=" ">
      <subfield code="a">Trabajo individual</subfield>
   </datafield>
   <datafield tag="653" ind2=" " ind1=" ">
      <subfield code="a">Aprendizaje colaborativo</subfield>
   </datafield>
   <datafield tag="653" ind2=" " ind1=" ">
      <subfield code="a">Ensenyament -- Treball en equip</subfield>
   </datafield>
   <datafield tag="653" ind2=" " ind1=" ">
      <subfield code="a">Tecnologia de la informació</subfield>
   </datafield>
   <datafield tag="653" ind2=" " ind1=" ">
      <subfield code="a">Ensenyament virtual</subfield>
   </datafield>
   <datafield tag="653" ind2=" " ind1=" ">
      <subfield code="a">Ensenyament universitari -- Avaluació</subfield>
   </datafield>
   <datafield ind2="0" ind1="0" tag="245">
      <subfield code="a">Utilidad de un fórum virtual para realizar trabajos colaborativos con presentación individual evaluable</subfield>
   </datafield>
</record></metadata></record></GetRecord></OAI-PMH>